01169cam a22002771 45000010005000000030008000050050017000130080039000300350018000690350019000870400041001060410013001470820023001601000032001832450309002152600054005243000084005785000039006625040030007015200019007315260012007506000028007627000029007907000031008197100041008505403BD-RjUL20211208234048.0131226s19511936enk 001 0 eng a(BD-RjUL)5439 a(OCoLC)8878466 aDLCcICarbSdICarbSdOCoLCdDLCbeng1 aenghund a335.4092bMEK 19511 aMehring, Franz,d1846-1919.10aKarl Marx :bthe story of his life /cby Franz Mehring; with illustrations and facsimile reproductions, notes by the author, an appendix prepared under the direction of Eduard Fuchs on the basis of the researches of the Marx-Engels institute, a bibliography and an index. Translated by Edward Fitzgerald. aLondon :bJohn Lane,cc1936 [reprinted 1951,1966] a2 p. l., vii-xxi p., 1 l., 575 p.bfront. (port.) illus. (facsims.) pl.c23 cm. a"Notes as to sources": p. 533-538. aBibliography: p. 557-565. aincludes index bHistory10aMarx, Karl,d1818-1883.1 aFitzGerald, Edward,etr.1 aFuchs, Eduard,d1870-1940.2 aInstitut K. Marksa i F. Ėngelʹsa.